000 nam a22 7a 4500
999 _c7935
_d7935
008 171113b xxu||||| |||| 00| 0 eng d
020 _a9781572841116
100 _aSingla, Anupy
_94398
245 _aThe Indian Slow Cooker
_b50 healthy easy authentic recipes
260 _aChicago
_ba surrey book
_c2010